Blink-182 Songs by Album - Statistics

General Stats
  • This quiz has been taken 63 times
    47 since last reset
  • The average score is 114 of 199
Answer Stats
Hint Answer % Correct
Enema of the State | Greatest Hits Adam's Song
94%
Enema of the State | Greatest Hits All the Small Things
94%
Blink-182 | Greatest Hits I Miss You
94%
Greatest Hits | Take Off Your Pants and Jacket The Rock Show
94%
Enema of the State What's My Age Again?
94%
Greatest Hits What's My Age Again
94%
Enema of the State Dumpweed
91%
Blink-182 | Greatest Hits Feeling This
91%
Greatest Hits | Take Off Your Pants and Jacket First Date
91%
Dude Ranch | Greatest Hits Dammit
88%
Buddha (Remastered) Don't
88%
Blink-182 Go
88%
Enema of the State Aliens Exist
84%
Enema of the State Anthem
84%
Buddha | Cheshire Cat | Greatest Hits Carousel
84%
Enema of the State Don't Leave Me
84%
Enema of the State Dysentery Gary
84%
Enema of the State Going Away to College
84%
Blink-182 | Greatest Hits Always
81%
Take Off Your Pants and Jacket Anthem Part Two
81%
Cheshire Cat | Greatest Hits M+M's
81%
Greatest Hits | Take Off Your Pants and Jacket Stay Together for the Kids
81%
Enema of the State The Party Song
81%
Dude Ranch | Greatest Hits Josie
78%
Enema of the State Mutt
78%
One More Time… One More Time
78%
Take Off Your Pants and Jacket Online Songs
78%
Take Off Your Pants and Jacket Roller Coaster
78%
Blink-182 | Greatest Hits Down
75%
Take Off Your Pants and Jacket Reckless Abandon
75%
Take Off Your Pants and Jacket Shut Up
75%
Enema of the State Wendy Clear
75%
Blink-182 All of This
72%
Blink-182 Easy Target
72%
Blink-182 I'm Lost Without You
72%
Blink-182 Obvious
72%
Take Off Your Pants and Jacket Please Take Me Home
72%
Blink-182 Violence
72%
One More Time… Anthem Part 3
69%
California (Deluxe) Bored to Death
69%
California (Deluxe) Bored to Death (live and acoustic)
69%
California (Deluxe) California
69%
One More Time… Dance with Me
69%
Nine I Really Wish I Hated You
69%
Blink-182 Stockholm Syndrome
69%
One More Time… Turpentine
69%
Neighborhoods (Deluxe) Up All Night
69%
Dogs Eating Dogs Dogs Eating Dogs
66%
Dude Ranch Emo
66%
Take Off Your Pants and Jacket Everytime I Look for You
66%
Take Off Your Pants and Jacket Give Me One Good Reason
66%
Blink-182 Here's Your Letter
66%
Greatest Hits Man Overboard
66%
Greatest Hits Not Now
66%
Take Off Your Pants and Jacket Story of a Lonely Guy
66%
Neighborhoods (Deluxe) After Midnight
63%
Greatest Hits Another Girl, Another Planet (cover)
63%
Nine Darkside
63%
One More Time… Fell in Love
63%
Neighborhoods (Deluxe) Ghost on the Dance Floor
63%
Take Off Your Pants and Jacket Happy Holidays, You Bastard
63%
Nine Pin the Grenade
63%
Neighborhoods (Deluxe) Wishing Well
63%
Dude Ranch Apple Shampoo
59%
Blink-182 Asthenia
59%
Dogs Eating Dogs Boxing Day
59%
California (Deluxe) Brohemian Rhapsody
59%
Nine Heaven
59%
Neighborhoods (Deluxe) Kaleidoscope
59%
California (Deluxe) Los Angeles
59%
Nine On Some Emo Shit
59%
California (Deluxe) San Diego
59%
Nine The First Time
59%
Neighborhoods (Deluxe) This Is Home
59%
California (Deluxe) 6/8
56%
One More Time… Childhood
56%
California (Deluxe) Cynical
56%
Nine Happy Days
56%
Dogs Eating Dogs Pretty Little Girl
56%
Nine Ransom
56%
California (Deluxe) She's Out of Her Mind
56%
California (Deluxe) Sober
56%
Blink-182 The Fallen Interlude
56%
Buddha | Cheshire Cat TV
56%
Dogs Eating Dogs When I Was Young
56%
One More Time… Bad News
53%
Nine Blame It on My Youth
53%
One More Time… Edging
53%
Neighborhoods (Deluxe) Fighting the Gravity
53%
One More Time… Fuck Face
53%
Neighborhoods (Deluxe) Heart's All Gone
53%
Neighborhoods (Deluxe) MH 4.18.2011
53%
Neighborhoods (Deluxe) Natives
53%
One More Time… Other Side
53%
California (Deluxe) Parking Lot
53%
Neighborhoods (Deluxe) Snake Charmer
53%
One More Time… Terrified
53%
Cheshire Cat Touchdown Boy
53%
Dude Ranch Voyeur
53%
Nine Black Rain
50%
One More Time… Blink Wave
50%
Dude Ranch Dick Lips
50%
Dogs Eating Dogs Disaster
50%
Neighborhoods (Deluxe) Even If She Falls
50%
Nine Generational Divide
50%
Neighborhoods (Deluxe) Heart's All Gone Interlude
50%
California (Deluxe) Home Is Such a Lonely Place
50%
Nine Hungover You
50%
California (Deluxe) Last Train Home
50%
Neighborhoods (Deluxe) Love Is Dangerous
50%
California (Deluxe) No Future
50%
Dude Ranch Pathetic
50%
California (Deluxe) Rabbit Hole
50%
Nine Remember to Forget Me
50%
One More Time… See You
50%
Buddha | Cheshire Cat Strings
50%
Buddha | Cheshire Cat Toast and Bananas
50%
Cheshire Cat Wasting Time
50%
One More Time… When We Were Young
50%
One More Time… You Don’t Know What You’ve Got
50%
California (Deluxe) Built This Pool
47%
One More Time… Hurt (Interlude)
47%
California (Deluxe) Left Alone
47%
California (Deluxe) Misery
47%
One More Time… More Than You Know
47%
Non-album singles Not Another Christmas Song
47%
Buddha | Flyswatter Reebok Commercial
47%
Buddha | Cheshire Cat Romeo and Rebecca
47%
One More Time… Turn This Off!
47%
Dude Ranch A New Hope
44%
Dude Ranch Boring
44%
One More Time… Cut Me Off
44%
Dude Ranch I'm Sorry
44%
Dude Ranch Lemmings
44%
Non-album singles Quarantine
44%
California (Deluxe) Teenage Satellites
44%
Buddha | Flyswatter Time
44%
Dude Ranch Untitled
44%
Non-album singles I Won't Be Home For Christmas
41%
California (Deluxe) Wildfire
41%
Cheshire Cat Cacophony
38%
Buddha | Cheshire Cat Fentoozler
38%
California (Deluxe) Kings of the Weekend
38%
Nine No Heart to Speak Of
38%
Nine Run Away
38%
Dude Ranch | They Came to Conquer... Uranus Waggy
38%
Cheshire Cat Ben Wah Balls
34%
California (Deluxe) Bottom of the Ocean
34%
Buddha | Dude Ranch Degenerate
34%
Dude Ranch Enthused
34%
California (Deluxe) Hey I'm Sorry
34%
Buddha My Pet Sally
31%
Cheshire Cat Peggy Sue
31%
Buddha (Remastered) The Girl Next Door (cover)
31%
They Came to Conquer... Uranus Wrecked Him
31%
They Came to Conquer... Uranus Zulu
31%
California (Deluxe) Can't Get You More Pregnant
28%
Cheshire Cat Depends
28%
Cheshire Cat Does My Breath Smell?
28%
California (Deluxe) Good Old Days
28%
California (Deluxe) Long Lost Feeling
28%
Flyswatter Marlboro Man
28%
California (Deluxe) The Only Thing That Matters
28%
Flyswatter Alone
25%
Cheshire Cat Just About Done
25%
Flyswatter Red Skies
25%
Buddha The Family Next Door
25%
Buddha 21 Days
22%
California (Deluxe) Don't Mean Anything
22%
Buddha | Flyswatter Point of View
22%
Buddha | Cheshire Cat Sometimes
16%
Buddha Transvestite
16%
Flyswatter Freak Scene
9%
Flyswatter The Longest Line
9%
No matching quizzes found
Score Distribution
Percent of People with Each Score
Percentile by Number Answered
Your Score History
You have not taken this quiz since the last reset